| 000 | 01119nam a22002897a 4500 | ||
|---|---|---|---|
| 001 | 4859 | ||
| 003 | FISKH | ||
| 005 | 20241018103747.0 | ||
| 008 | 241018b cb ||||| |||| 00| 0 eng d | ||
| 020 | _a9780194791410 | ||
| 040 |
_aFISKH _beng _cFISKH _dFISKH |
||
| 050 | _aPE1126.A4 | ||
| 082 | _a428.6 | ||
| 100 | _aWest, Clare | ||
| 245 |
_aLeaving No Footprint : Stories from Asia / _cby Clare West |
||
| 260 |
_aNew York : _bOxford University Press ; _c2000 . |
||
| 300 |
_a71 pages : _billustrations ; _c21 cm . |
||
| 490 |
_aOxford Bookworms _vStage 3 |
||
| 505 | _aJ | ||
| 520 | _aBuild confidence in reading as popular literature is read aloud from clear and easy-to-understand audio CDs. All stories are narrated by professional actors. Students will be able to follow along, and improve their listening and pronunciation skills. Each pack includes one copy of the bookplus audio CDs with full text. | ||
| 521 | 8 |
_a500
_bLexile estimate |
|
| 521 | 8 |
_aJ
_bRaz-Plus |
|
| 650 |
_ared _vfiction |
||
| 700 |
_aBassett, Jennifer _eSeries Editor |
||
| 942 |
_2ddc _cBK _n0 |
||
| 999 |
_c4859 _d4859 |
||